Anmerkung zu OLG Hamm, 6.12.2005, 19 U 120/05

Saved in:
Bibliographic Details
Main Author: Jayme, Erik (Author)
Format: Article (Journal)
Language:German
Published: 2006
In: IPRax
Year: 2006, Volume: 26, Issue: 3, Pages: 291
ISSN:0720-6585
Online Access: Get full text
Author Notes:Erik Jayme

MARC

LEADER 00000caa a22000002c 4500
001 1531123740
003 DE-627
005 20220812180447.0
007 tu
008 160314s2006 xx ||||| 00| ||ger c
035 |a (DE-627)1531123740 
035 |a (DE-576)461123746 
035 |a (DE-599)BSZ461123746 
035 |a (OCoLC)1340902663 
040 |a DE-627  |b ger  |c DE-627  |e rda 
041 |a ger 
084 |a 19  |2 sdnb 
100 1 |a Jayme, Erik  |d 1934-2024  |e VerfasserIn  |0 (DE-588)121171663  |0 (DE-627)081131968  |0 (DE-576)161580092  |4 aut 
245 1 0 |a Anmerkung zu OLG Hamm, 6.12.2005, 19 U 120/05  |c Erik Jayme 
264 1 |c 2006 
300 |a 1 
336 |a Text  |b txt  |2 rdacontent 
337 |a ohne Hilfsmittel zu benutzen  |b n  |2 rdamedia 
338 |a Band  |b nc  |2 rdacarrier 
773 0 8 |i Enthalten in  |t IPRax  |d Bielefeld : Gieseking, 1981  |g 26(2006), 3, Seite 291  |w (DE-627)129861103  |w (DE-600)283279-3  |w (DE-576)015171361  |x 0720-6585  |7 nnas  |a Anmerkung zu OLG Hamm, 6.12.2005, 19 U 120/05 
773 1 8 |g volume:26  |g year:2006  |g number:3  |g pages:291  |g extent:1  |a Anmerkung zu OLG Hamm, 6.12.2005, 19 U 120/05 
776 0 8 |i Erscheint auch als  |n Online-Ausgabe  |a Jayme, Erik, 1934 - 2024  |t Anmerkung zu OLG Hamm, 6.12.2005, 19 U 120/05  |d 2006  |w (DE-627)1531124062  |w (DE-576)461124068 
951 |a AR 
992 |a 20160314 
993 |a Article 
998 |g 121171663  |a Jayme, Erik  |m 121171663:Jayme, Erik  |d 20000  |d 20100  |e 20000PJ121171663  |e 20100PJ121171663  |k 0/20000/  |k 1/20000/20100/  |p 1  |x j  |y j 
999 |a KXP-PPN1531123740  |e 2902818483 
BIB |a Y 
SER |a journal 
JSO |a {"language":["ger"],"id":{"eki":["1531123740"]},"physDesc":[{"extent":"1 S."}],"type":{"bibl":"article-journal"},"person":[{"role":"aut","given":"Erik","family":"Jayme","display":"Jayme, Erik"}],"name":{"displayForm":["Erik Jayme"]},"origin":[{"dateIssuedKey":"2006","dateIssuedDisp":"2006"}],"relHost":[{"origin":[{"dateIssuedDisp":"1981-","publisherPlace":"Bielefeld","dateIssuedKey":"1981","publisher":"Gieseking"}],"pubHistory":["1.1981 -"],"language":["ger"],"id":{"zdb":["283279-3"],"eki":["129861103"],"issn":["0720-6585"]},"part":{"pages":"291","issue":"3","extent":"1","volume":"26","text":"26(2006), 3, Seite 291","year":"2006"},"disp":"Anmerkung zu OLG Hamm, 6.12.2005, 19 U 120/05IPRax","titleAlt":[{"title":"Praxis des internationalen Privat- und Verfahrensrechts"}],"person":[{"role":"edt","display":"Hess, Burkhard","given":"Burkhard","family":"Hess"},{"role":"edt","display":"Kronke, Herbert","given":"Herbert","family":"Kronke"}],"type":{"bibl":"periodical"},"title":[{"title":"IPRax","title_sort":"IPRax","subtitle":"Praxis des internationalen Privat- und Verfahrensrechts"}],"recId":"129861103"}],"recId":"1531123740","title":[{"title":"Anmerkung zu OLG Hamm, 6.12.2005, 19 U 120/05","title_sort":"Anmerkung zu OLG Hamm, 6.12.2005, 19 U 120/05"}]} 
SRT |a JAYMEERIKANMERKUNGZ2006